| 000 | 01218cam a22003737a 4500 | ||
|---|---|---|---|
| 003 | CHAP | ||
| 005 | 20220329142951.0 | ||
| 008 | 050503d1998 us a r 00110 eng d | ||
| 010 | _a90235 | ||
| 011 | _a91207 | ||
| 020 | _a0849325651 | ||
| 035 | _a101765 | ||
| 040 | _cCHAP | ||
| 082 | 0 | 4 |
_a591.0724 _bS4 |
| 100 | 0 | 0 |
_aSharp, Patrick E. _9105522 |
| 245 | 1 | 4 |
_aThe laboraroty rat _c/by Patrick E. Sharp, Marie C. La Regina and Mark A. Suckow |
| 260 |
_aBoca Raton : _bCRC, _c1998. |
||
| 300 |
_a214 p. : _bilus. |
||
| 490 | 4 | _aThe laboratory animal pocket reference series | |
| 590 |
_aBATCH-UPD _b10 _c20130110 _lUCH01 _h0115 |
||
| 590 |
_aBATCH-UPD _b10 _c20130110 _lUCH01 _h0708 |
||
| 590 |
_aCONVERSION _b10 _c20130109 _lUCH01 _h1350 |
||
| 650 | 1 | 4 |
_aAnimales de laboratorio. _95880 |
| 650 | 1 | 4 |
_aRatas de laboratorio. _994733 |
| 650 | 1 | 4 |
_aRatas. _994728 |
| 700 | 0 |
_aLa Regina, Marie C. _964244 |
|
| 700 | 0 |
_aSuckow, Mark A. _eed. _9110172 |
|
| 830 | 0 | 4 |
_aThe laboratory animal pocket reference series _9112675 |
| 901 | _aBK | ||
| 905 | _aAlejandra Carrasco M. | ||
| 911 | _aproceso | ||
| 942 | _cLIBRO | ||
| 949 |
_a591.0724 S4 _bBC _cLIBRO _d33724000798948 _eLIBRO _h105359 _i101765 _kI.00224498 _si _t$ 647.00 |
||
| 999 |
_c90235 _d90235 |
||